<?xml version="1.0" encoding="UTF-8"?>
<collection xmlns="http://www.loc.gov/MARC21/slim">
<record>
  <controlfield tag="001">130807</controlfield>
  <controlfield tag="005">20241125101124.0</controlfield>
  <datafield tag="024" ind1="7" ind2=" ">
    <subfield code="2">doi</subfield>
    <subfield code="a">10.1007/s11856-022-2353-z</subfield>
  </datafield>
  <datafield tag="024" ind1="8" ind2=" ">
    <subfield code="2">sideral</subfield>
    <subfield code="a">129846</subfield>
  </datafield>
  <datafield tag="037" ind1=" " ind2=" ">
    <subfield code="a">ART-2023-129846</subfield>
  </datafield>
  <datafield tag="041" ind1=" " ind2=" ">
    <subfield code="a">eng</subfield>
  </datafield>
  <datafield tag="100" ind1=" " ind2=" ">
    <subfield code="a">Abadias, L.</subfield>
    <subfield code="u">Universidad de Zaragoza</subfield>
    <subfield code="0">(orcid)0000-0003-2453-7841</subfield>
  </datafield>
  <datafield tag="245" ind1=" " ind2=" ">
    <subfield code="a">Poisson equation and discrete one-sided Hilbert transform for (c,a)-bounded operators</subfield>
  </datafield>
  <datafield tag="260" ind1=" " ind2=" ">
    <subfield code="c">2023</subfield>
  </datafield>
  <datafield tag="520" ind1="3" ind2=" ">
    <subfield code="a">We characterize the solutions of the Poisson equation and the domain of its associated one-sided Hilbert transform for (C, α)-bounded operators, α > 0. This extends known results for power bounded operators to the setting of Cesàro bounded operators of fractional order, thus generalizing the results substantially. In passing, we obtain a generalization of the mean ergodic theorem in our framework. Examples are given to illustrate the theory.</subfield>
  </datafield>
  <datafield tag="536" ind1=" " ind2=" ">
    <subfield code="9">info:eu-repo/grantAgreement/ES/DGA/E26-17R</subfield>
    <subfield code="9">info:eu-repo/grantAgreement/ES/MICINN PID2019-105979GB-I00</subfield>
    <subfield code="9">info:eu-repo/grantAgreement/ES/UZ/JIUZ-2019-CIE-01</subfield>
  </datafield>
  <datafield tag="540" ind1=" " ind2=" ">
    <subfield code="9">info:eu-repo/semantics/closedAccess</subfield>
    <subfield code="a">All rights reserved</subfield>
    <subfield code="u">http://www.europeana.eu/rights/rr-f/</subfield>
  </datafield>
  <datafield tag="590" ind1=" " ind2=" ">
    <subfield code="a">0.8</subfield>
    <subfield code="b">2023</subfield>
  </datafield>
  <datafield tag="591" ind1=" " ind2=" ">
    <subfield code="a">MATHEMATICS</subfield>
    <subfield code="b">179 / 490 = 0.365</subfield>
    <subfield code="c">2023</subfield>
    <subfield code="d">Q2</subfield>
    <subfield code="e">T2</subfield>
  </datafield>
  <datafield tag="592" ind1=" " ind2=" ">
    <subfield code="a">0.943</subfield>
    <subfield code="b">2023</subfield>
  </datafield>
  <datafield tag="593" ind1=" " ind2=" ">
    <subfield code="a">Mathematics (miscellaneous)</subfield>
    <subfield code="c">2023</subfield>
    <subfield code="d">Q1</subfield>
  </datafield>
  <datafield tag="594" ind1=" " ind2=" ">
    <subfield code="a">1.7</subfield>
    <subfield code="b">2023</subfield>
  </datafield>
  <datafield tag="655" ind1=" " ind2="4">
    <subfield code="a">info:eu-repo/semantics/article</subfield>
    <subfield code="v">info:eu-repo/semantics/publishedVersion</subfield>
  </datafield>
  <datafield tag="700" ind1=" " ind2=" ">
    <subfield code="a">Galé, J. E.</subfield>
    <subfield code="u">Universidad de Zaragoza</subfield>
    <subfield code="0">(orcid)0000-0003-0398-6883</subfield>
  </datafield>
  <datafield tag="700" ind1=" " ind2=" ">
    <subfield code="a">Lizama, C.</subfield>
  </datafield>
  <datafield tag="710" ind1="2" ind2=" ">
    <subfield code="1">2006</subfield>
    <subfield code="2">015</subfield>
    <subfield code="a">Universidad de Zaragoza</subfield>
    <subfield code="b">Dpto. Matemáticas</subfield>
    <subfield code="c">Área Análisis Matemático</subfield>
  </datafield>
  <datafield tag="773" ind1=" " ind2=" ">
    <subfield code="g">253 (2023), 917–987</subfield>
    <subfield code="p">Isr. J. Math.</subfield>
    <subfield code="t">Israel Journal of Mathematics</subfield>
    <subfield code="x">0021-2172</subfield>
  </datafield>
  <datafield tag="856" ind1="4" ind2=" ">
    <subfield code="s">668611</subfield>
    <subfield code="u">http://zaguan.unizar.es/record/130807/files/texto_completo.pdf</subfield>
    <subfield code="y">Versión publicada</subfield>
  </datafield>
  <datafield tag="856" ind1="4" ind2=" ">
    <subfield code="s">946028</subfield>
    <subfield code="u">http://zaguan.unizar.es/record/130807/files/texto_completo.jpg?subformat=icon</subfield>
    <subfield code="x">icon</subfield>
    <subfield code="y">Versión publicada</subfield>
  </datafield>
  <datafield tag="909" ind1="C" ind2="O">
    <subfield code="o">oai:zaguan.unizar.es:130807</subfield>
    <subfield code="p">articulos</subfield>
    <subfield code="p">driver</subfield>
  </datafield>
  <datafield tag="951" ind1=" " ind2=" ">
    <subfield code="a">2024-11-22-11:57:15</subfield>
  </datafield>
  <datafield tag="980" ind1=" " ind2=" ">
    <subfield code="a">ARTICLE</subfield>
  </datafield>
</record>
</collection>